Croatian towns and municipalities coats of arms: Bjelovar Bilogora - Statistics

General Stats
  • This quiz has been taken 14 times
  • The average score is 9 of 23
Answer Stats
Picture Answer % Correct
Bjelovar
90%
Rovišće
90%
Čazma
80%
Daruvar
80%
Grubišno Polje
60%
Veliko Trojstvo
50%
Garešnica
40%
Ivanska
40%
Veliki Grđevac
40%
Berek
30%
Hercegovac
30%
Nova Rača
30%
Štefanje
30%
Velika Trnovitica
30%
Zrinski Topolovac
30%
Đulovac
20%
Kapela
20%
Sirač
20%
Velika Pisanica
20%
Dežanovac
10%
Končanica
10%
Šandrovac
10%
Severin
10%
No matching quizzes found
Score Distribution
Percent of People with Each Score
Percentile by Number Answered
Your Score History
You have not taken this quiz